000
00220 a2200097 4500
001
25403
100
_a
Marjoram, D T E
245
_a
Exercises in Modern Mathematics
260
_a
_b
Pergamon
_c
1968
090
_c
17147
_d
17147
942
_a
NUST-CAE
_c
M
_c
7944
999
_c
260476
_d
260476